Výroba kvalitnej siláže - kľúčový problém výživy a efektívnosti chovu hovädzieho dobytka

Bibliographic Details
Main Author: Sommer, Alexander, 1936-2006 (Author)
Format: Article
Language:Slovak
ISSN:1335-1990
Subjects:

MARC

LEADER 00000nab a2200000 a 4500
001 vtls000727062
003 SK-MaSNL
005 20260304120929.0
008 250429c2000 xo 0 slo
015 |a SNBRB2000/07-18140 
035 |a CLN000079215 
035 |a (urnnbn)urn:nbn:sk:snk:ar-006nx3 
035 |a (uuid)40c0ace4-d79a-4c59-b5ff-724ded06e18f 
035 |a urn:nbn:sk:snk-ab86sw 
040 |a SNKBUCL  |b slo  |c SNKBUCL  |e AACR2 
041 0 |a slo 
044 |a xo  |c SK 
080 |a 636.085.52  |2 1997 
100 1 |a Sommer, Alexander,  |d 1936-2006  |4 aut  |9 218774 
245 1 0 |a Výroba kvalitnej siláže - kľúčový problém výživy a efektívnosti chovu hovädzieho dobytka  |c Alexander Sommer 
650 0 7 |a siláž  |2 SNKPH  |9 17715 
655 7 |a články z novín a časopisov  |2 SNK  |9 267496 
773 0 |t Slovenský chov  |g Roč. 5, č. 4 (2000)  |g S. 25  |x 1335-1990  |x 1335-1990 
773 0 |t [Príl.] Výživa, technika a technológie kŕmenia hospodárskych zvierat  |g Roč. 5, č. 4 (2000)  |g S. 25  |x 1335-1990  |x 1335-1990 
850 |a Slovenská národná knižnica 
852 |a Slovenská národná knižnica 
954 |a odborná, vedecká literatúra pôvodná (slovenská)  |2 lita 
958 |a article9 
958 |a OND 
958 |a EUIPO 
999 |c 2882326  |d 2884256